Repenser la démocratie / (Record no. 55464)
[ view plain ]
| 000 -LEADER | |
|---|---|
| campo de control de longitud fija | 01075cam a2200361 a 4500 |
| 001 - NÚMERO DE CONTROL | |
| campo de control | 103599 |
| 005 - FECHA Y HORA DE LA ÚLTIMA TRANSACCIÓN | |
| campo de control | 20230410120955.0 |
| 008 - DATOS DE LONGITUD FIJA--INFORMACIÓN GENERAL | |
| campo de control de longitud fija | 101125s2010 fr b 001 0 fre d |
| 035 ## - NÚMERO DE CONTROL DEL SISTEMA | |
| Número de control de sistema | 16659871 |
| 010 ## - NÚMERO DE CONTROL DE LA BIBLIOTECA DEL CONGRESO | |
| Número de control de LC | 2011413695 |
| 020 ## - NÚMERO INTERNACIONAL ESTÁNDAR DEL LIBRO | |
| Número Internacional Estándar del Libro | 9782200246488 |
| 020 ## - NÚMERO INTERNACIONAL ESTÁNDAR DEL LIBRO | |
| Número Internacional Estándar del Libro | 220024648X |
| 035 ## - NÚMERO DE CONTROL DEL SISTEMA | |
| Número de control de sistema | (OCoLC)ocn688841932 |
| 040 ## - FUENTE DE CATALOGACIÓN | |
| Centro catalogador/agencia de origen | TZT |
| Centro/agencia transcriptor | TZT |
| Centro/agencia modificador | MNU |
| -- | DLC |
| 042 ## - CÓDIGO DE AUTENTICACIÓN | |
| Código de autenticación | lccopycat |
| 043 ## - CÓDIGO DE ÁREA GEOGRÁFICA | |
| Código de área geográfica | e-fr--- |
| 050 14 - SIGNATURA TOPOGRÁFICA DE LA BIBLIOTECA DEL CONGRESO | |
| Número de clasificación | JC423 |
| Número de ítem | R425 2010 |
| 245 00 - MENCIÓN DEL TÍTULO | |
| Título | Repenser la démocratie / |
| Mención de responsabilidad, etc. | sous la direction de Yves Charles Zarka ; avec la collaboration d'Avishag Zafrani. |
| 260 ## - PUBLICACIÓN, DISTRIBUCIÓN, ETC. | |
| Lugar de publicación, distribución, etc. | Paris : |
| Nombre del editor, distribuidor, etc. | Armand Colin, |
| Fecha de publicación, distribución, etc. | c2010. |
| 300 ## - DESCRIPCIÓN FÍSICA | |
| Extensión | 615 p. ; |
| Dimensiones | 23 cm. |
| 490 0# - MENCIÓN DE SERIE | |
| Mención de serie | âEmergences |
| 504 ## - NOTA DE BIBLIOGRAFÍA, ETC. | |
| Nota de bibliografía, etc. | Includes bibliographical references (p. [591]-607) and index. |
| 650 #0 - PUNTO DE ACCESO ADICIONAL DE MATERIA--TÉRMINO DE MATERIA | |
| Término de materia o nombre geográfico como elemento de entrada | Democracy. |
| 650 #0 - PUNTO DE ACCESO ADICIONAL DE MATERIA--TÉRMINO DE MATERIA | |
| Término de materia o nombre geográfico como elemento de entrada | Democracy |
| Subdivisión geográfica | France. |
| 653 ## - TÉRMINO DE INDIZACIÓN--NO CONTROLADO | |
| Término no controlado | Studies on democracy |
| 700 1# - ENTRADA AGREGADA--NOMBRE PERSONAL | |
| Nombre de persona | Zarka, Yves Charles. |
| 700 1# - ENTRADA AGREGADA--NOMBRE PERSONAL | |
| Nombre de persona | Zafrani, Avishag. |
| 925 0# - | |
| -- | acquire |
| -- | 1 shelf copy |
| -- | policy default |
| 942 ## - ELEMENTOS DE ENTRADA SECUNDARIOS (KOHA) | |
| Fuente del sistema de clasificación o colocación | Clasificación de Library of Congress |
| Tipo de ítem Koha | |
| 923 ## - | |
| -- | 20110208 |
| -- | B00113619 |
| -- | FrPJT |
| 946 ## - PROCESAMIENTO DE INFORMACIÓN LOCAL (OCLC) | |
| a | INF |
| 985 ## - | |
| -- | VENDOR LOAD |
| Estatus retirado | Estado de pérdida | Fuente del sistema de clasificación o colocación | Estado de daño | No para préstamo | Colección | Biblioteca de origen | Biblioteca actual | Ubicación en estantería | Fecha de adquisición | Serial enumeration / chronology | Signatura topográfica completa | Código de barras | Visto por última vez | Tipo de ítem Koha |
|---|---|---|---|---|---|---|---|---|---|---|---|---|---|---|
| Clasificación de Library of Congress | Ciencias Sociales | Biblioteca Juan Bosch | Biblioteca Juan Bosch | Ciencias Sociales (3er. Piso) | 10/04/2023 | 3 | JC423 R425 2010 | 00000096713 | 24/10/2018 |
